LEADER 01280nam a2200277 4500 001 000000148496 003 CaOOAMICUS 005 20160115172821.0 008 160112s it 000 u ita r 020 $a978-88-624-4392-0 032 $aLibriCat 040 $aPUL$bita 100 1 $aCiriello, Caterina.$0(OLS)http://pul/name/69057 245 13$aIl contributo delle religiose uditrici al Perfectae Caritatis :$bfare memoria per cambiare il futuro /$dCaterina Ciriello. 260 $aTodi :$bTau Editrice,$c2015. 300 $a245 p. ;$c21 cm. 500 $aSul frontespizio: "Saggio storico-teologico". 504 $aRiferimenti bibliografici in nota. 611 24$aConcilium Vaticanum$n(2 :$d1962-1965)$tPerfectae caritatis.$0(OLS)http://pul/subject/23418 850 $aPUL 852 $aPUL$W1$xFondo C.V.II$y119$mSTO TEMI 13$j171152$qFondi$B172427$CPULBib$Z2$F172427 $HCVII157 $81 941 1 $a1 996 $6020$a978-88-624-4392-0$9(OLS)http://pul/number/159341 996 $6245$aIl contributo delle religiose uditrici al Perfectae Caritatis :$bfare memoria per cambiare il futuro /$dCaterina Ciriello$9(OLS)http://pul/title/187308 996 $6260$aTodi :$bTau Editrice$9(OLS)http://pul/publisher/81367 LEADER 01033nam a2200265 a 4500 001 000000166633 003 CaOOAMICUS 005 20180409112802.0 008 180313s1981 it u000 u ita r 032 $aLibriCat 040 $aPUL$bita 100 1 $aBongiovanni Bertini, Mariolina.$0(OLS)http://pul/name/107487 245 10$aGuida a Proust / $cMariolina Bongiovanni Bertini. 260 $aMilano :$bMondadori,$c1981. 300 $a434 p. ;$c20 cm 490 1 $aGli Oscar Studio ;$v90 500 $aInclude indici, cronologia e bibliografia. 600 14$aProust, Marcel,$d1871-1922.$0(OLS)http://pul/subject/39899 830 4$aGli Oscar Studio ;$v90.$0(OLS)http://pul/title/77595 850 $aPUL 852 $aPUL$W1$xDP1 Fondo Dalla Palma$y117$m1 C 3$j41846$qFondi$B194075$CPULBib$Z2$F194075 $HDal555 $81 941 1 $a1 996 $6245$aGuida a Proust / $9(OLS)http://pul/title/206375 996 $6260$aMilano :$bMondadori$9(OLS)http://pul/publisher/50297